000 00299nam a22001337a 4500
008 171226b xxu||||| |||| 00| 0 eng d
020 _a9781133440147
041 _aeng
080 _a37
100 _a46
101 _aEDU
245 _aORAL AND WRITTEN COMMUNICATION
_cSELLNOW.D
942 _2udc
_cBK
999 _c39374
_d39374